| 000 | 00968cam a2200265 i 4500 | ||
|---|---|---|---|
| 001 | 1568 | ||
| 005 | 20230907095044.0 | ||
| 020 | _a076714002951 | ||
| 040 |
_aDLC _cDLC _dDLC _beng |
||
| 050 | 0 | 0 |
_aPZ7.D644 _bMyk 1979b |
| 082 | 0 | 0 |
_aFic _219 |
| 100 | 1 | _aDixon, Franklin W. | |
| 245 | 1 | 0 |
_aMystery of the samurai sword / _cFranklin W. Dixon ; illustrated by Leslie Morrill. |
| 260 |
_aNew York : _bWanderer Books _c1979 |
||
| 300 |
_a179 pages : _billustrations ; _c20 cm |
||
| 490 | 0 |
_aHardy boys mystery stories _3Book 60 |
|
| 505 | _aS | ||
| 520 | _aA Japanese business tycoon mysteriously disappears and, soon after, a rare samurai sword is stolen from an art gallery. Suspecting a connection, the Hardy boys try to solve the mystery. | ||
| 521 |
_a790
_bLexile |
||
| 521 |
_aS
_bRaz-Plus |
||
| 650 | 1 | _aMystery and detective stories. | |
| 700 | 1 | _aMorrill, Leslie H. | |
| 906 |
_a7 _bcbc _corignew _d1 _eocip _f19 _gy-gencatlg |
||
| 942 |
_2ddc _cBK _n0 |
||
| 999 |
_c1568 _d1568 |
||